000 01425nam a2200361 a 4500
999 _c447479
_d447479
003 BLK
005 20250221105244.0
008 180408b bul|||||r ||||||| ||bul||
010 _aKNG00045908000
020 _a9789542837398
040 _aBLK
041 _aBUL
_cBUL
072 7 _2bullib
_aН50
_xЕстествени науки. Математика и др. Н
080 _b5
_x(02.053.2)
_z5(02.053.2)
100 1 _aДокинс, Ричард
_eпърви автор
_964073
139 _aДокинс, Ричард
_bД 72
240 _aThe Magic of Reality: How we know what's really true
245 1 0 _aМагията на реалността
_bКак да разберем кое е наистина вярно
_cРичард Докинс; прев. от англ. Деян Кючуков; ил. Дейв Маккийн.
257 _aBGR
260 _aСофия
_bСиела Норма
_c2022
_9217021
_n978-954-28-
300 _a263 c.
_bс цв. ил.
_c24 см
380 _aDN
650 0 _aЕстествени науки - детска и юношеска литература
_9295364
653 7 _aВселена
_9183654
700 _aКючуков, Деян Любомиров
_eпрев. от англ.
_91021
700 _aМаккийн, Дейв
_eил.
_9599
856 4 _qpdf
856 4 _qpdf
942 _cKNG
_n0
_09
_s1
944 _k30530
_lМинев Младен
999 _d447479
999 _d447479